Les joueurs du PSG en 2026 - Statistiques

Statistiques générales
  • Ce quiz a été pris 61 fois
  • Le résultat moyen est 7 sur 7
Answers on the Grid
Answers color-coded by a green-red scale on the quiz's grid according to % correct below.
Guianluigi Donnarumma
Matveï Safonov
Achraf Hakimi
Kilian Mbappé
Thibaut Courtois
Rayan Cherki
Vitinha
Désiré Doué
Pierre Kalulu
Lee Kang-in
Yann Bisseck
João Neves
Nuno Mendes
 
Statistiques - réponses
Réponse % Correct
Achraf Hakimi
98%
Vitinha
98%
Désiré Doué
96%
Nuno Mendes
96%
João Neves
94%
Lee Kang-in
94%
Matveï Safonov
94%
Aucun quiz correspondant
Distribution des résultats
% des personnes avec chaque résultat
Percentile par nombre de réponses
Votre historique - résultats
Vous n’avez pas pris ce quiz